00702cam a22002171 4500001001300000003000400013005001700017008004100034010001700075035001800092040002300110042001200133050001700145100001800162245014700180260004800327300002200375504003100397651003900428999001700467sa 66004180 DLC20260227112240.0730112s1965 xx 000 0 eng  asa 66004180  a(OCoLC)536390 aDLCcOClUdHUdDLC apremarc00aHN690.B4bS51 aSinha, Pradip10aNineteenth century Bengal,baspects of social history.cA study in some new pressures on society and in relation between tradition and change. aCalcutta,bFirma K. L. Mukhopadhyay,c1965. aviii,203p.c23cm. aBibliography: p.[200]-201. 0aBengal (India)xSocial conditions. c69272d69272